Science and socialist construction in China /

Bibliographic Details
Main Author: Xu, Liangying
Other Authors: Fan, Dainian, Perrolle, Pierre M., Hsu, John C. S.
Format: Book
Language:English
Chinese
Published: Armonk, New York : M.E. Sharpe, [1982]
Series:China book project.
Subjects:

MARC

Tag First Indicator Second Indicator Subfields
LEADER 00000cam a22000008a 4500
001 in00000080373
005 20151008060939.0
008 820105s1982 nyu b 00010 eng
010 |a  81023250  
020 |a 0873321898 :  |c $22.50 
035 |a (OCoLC)08114642 
035 |9 AAJ6950AM 
039 0 |a 2  |b 3  |c 3  |d 3  |e 3 
040 |a DLC  |c DLC  |d TXA  |d UtOrBLW 
041 1 |a eng  |a chi 
043 |a a-cc--- 
049 |a TXAM  |c [1673108] 
050 0 0 |a Q127.C5  |b H819413 
082 0 |a 509.51  |2 19 
100 1 |a Xu, Liangying. 
240 1 0 |a Kʻo hsüeh ho wo kuo she hui chu i chien she.  |l English 
245 1 0 |a Science and socialist construction in China /  |c by Xu Liangying and Fan Dainian ; edited with an introduction by Pierre M. Perrolle ; foreword to the English edition by Xu Liangying ; translated by John C.S. Hsu. 
264 1 |a Armonk, New York :  |b M.E. Sharpe,  |c [1982] 
264 4 |c ©1982 
300 |a xxvii, 224 pages ;  |c 24 cm. 
336 |a text  |b txt  |2 rdacontent 
337 |a unmediated  |b n  |2 rdamedia 
338 |a volume  |b nc  |2 rdacarrier 
490 1 |a China book project 
500 |a Translation of: Ko hsueh ho wo kuo she hui chu i chien she. 
504 |a Includes bibliographical references. 
650 0 |a Science  |z China. 
650 0 |a Science and state  |z China. 
700 1 |a Fan, Dainian. 
700 1 |a Perrolle, Pierre M. 
700 1 |a Hsu, John C. S. 
830 0 |a China book project. 
999 |a MARS 
999 f f |s 201dd286-890e-301e-ab86-edac46fad7a1  |i db5ea2e3-3e12-3473-bb76-78c9cd186a96  |t 0 
952 f f |p normal  |a Texas A&M University  |b College Station  |c Sterling C. Evans Library  |d Evans: Library Stacks  |t 0  |e Q127.C5 H819413  |h Library of Congress classification  |i unmediated -- volume  |m A14806198913 
998 f f |a Q127.C5 H819413  |t 0  |l Evans: Library Stacks